Z histórie Katedry hospodárskej politiky ...

Guardado en:
Detalles Bibliográficos
Autor principal: Vincúr, Pavol
Formato: Capítulo de libro
Lenguaje:eslovaco
Etiquetas: Agregar Etiqueta
Sin Etiquetas, Sea el primero en etiquetar este registro!

MARC

LEADER 00000naa$a2200000$$$4500
001 0063036
005 20240502071723.4
041 0 |a slo 
044 |a SK 
245 1 0 |a Z histórie Katedry hospodárskej politiky ...  |c Pavol Vincúr 
100 1 |a Vincúr, Pavol